Unquiet (Record no. 753)

MARC details
000 -LEADER
fixed length control field 01037cam a22003014a 4500
001 - CONTROL NUMBER
control field 14318429
003 - CONTROL NUMBER IDENTIFIER
control field OSt
005 - DATE AND TIME OF LATEST TRANSACTION
control field 20230607080753.0
008 - FIXED-LENGTH DATA ELEMENTS--GENERAL INFORMATION
fixed length control field 060328s2006 ke ab b 001 0beng
010 ## - LIBRARY OF CONGRESS CONTROL NUMBER
LC control number 2006306372
020 ## - INTERNATIONAL STANDARD BOOK NUMBER
International Standard Book Number 9966712305
040 ## - CATALOGING SOURCE
Original cataloging agency DLC
Transcribing agency DLC
042 ## - AUTHENTICATION CODE
Authentication code lcode
043 ## - GEOGRAPHIC AREA CODE
Geographic area code f-ke---
050 00 - LIBRARY OF CONGRESS CALL NUMBER
Classification number HD6866.5.Z55
Item number S567 2006
082 ## - DEWEY DECIMAL CLASSIFICATION NUMBER
Classification number 923.26267
Item number PAT
100 1# - MAIN ENTRY--PERSONAL NAME
Personal name Patel, Zarina,
Dates associated with a name 1935-
245 10 - TITLE STATEMENT
Title Unquiet
Remainder of title The Life & Times of Makhan Singh
Statement of responsibility, etc. Zarina Patel.
260 ## - PUBLICATION, DISTRIBUTION, ETC. (IMPRINT)
Place of publication, distribution, etc. Nairobi :
Name of publisher, distributor, etc. Zand Graphics,
Date of publication, distribution, etc. 2006.
300 ## - PHYSICAL DESCRIPTION
Extent xxiii, 563 p. :
Other physical details ill., maps ;
Dimensions 21 cm.
504 ## - BIBLIOGRAPHY, ETC. NOTE
Bibliography, etc Includes bibliographical references (p. 508-510) and index.
600 10 - SUBJECT ADDED ENTRY--PERSONAL NAME
Personal name Makhan Singh,
Dates associated with a name 1913-
650 #0 - SUBJECT ADDED ENTRY--TOPICAL TERM
Topical term or geographic name as entry element Labor unions
General subdivision Officials and employees
Geographic subdivision Kenya
Form subdivision Biography.
651 #0 - SUBJECT ADDED ENTRY--GEOGRAPHIC NAME
Geographic name Kenya
General subdivision Politics and government.
906 ## - LOCAL DATA ELEMENT F, LDF (RLIN)
a 7
b cbc
c origode
d 2
e ncip
f 20
g y-gencatlg
942 ## - ADDED ENTRY ELEMENTS (KOHA)
Source of classification or shelving scheme Dewey Decimal Classification
Koha item type Books
Holdings
Withdrawn status Lost status Source of classification or shelving scheme Damaged status Not for loan Home library Current library Date acquired Total Checkouts Full call number Barcode Date last seen Price effective from Koha item type
    Dewey Decimal Classification     Bunge Tower Library Bunge Tower Library 06/07/2023   923.26267 PAT 10014334 06/07/2023 06/07/2023 Books
    Dewey Decimal Classification     Bunge Tower Library Bunge Tower Library 06/07/2023   923.26267 PAT 10014379 06/07/2023 06/07/2023 Books
LIBRARY OPENING HOURS

When the Parliament is sitting: 8.00a.m - 7.00p.m or until the house adjourns
Mondays and Fridays and when the House is on Recess:  8.00a.m - 5.00p.m
Closed on Weekends and Public Holidays

Online Public Access Catalog (OPAC)
Website: http://www.parliament.go.ke
Bunge Library: https://libraryir.parliament.go.ke
Contact: library@parliament.go.ke | Tel no: (254-2)2221291 or 2848000 Ext 5043